01517cam a22003974a 450000100090000000300040000900500170001300800410003001000170007102000150008802000180010302000210012102000240014202000190016602000220018503500130020703500200022004000510024004200080029105000210029908200240032024501400034424600480048426000510053230000430058333600260062633700280065233800270068050400640070765000290077170000220080070000220082285600780084485600910092285601060101313917351OSt20260414140916.0050331s2006 enkae b 001 0 eng  a 2005009321 a0415357810 a9780415357814 a0415357950qpbk. a9780415357951qpbk. a0203003861qeb a9780203003862qeb a13917351 a(OCoLC)58791161 aDLCcDLCdBAKERdBWKUKdOCLCQdYDXCPdLVBdDLC apcc00aNA208b.V48 200600a728.09 V48 200622200aVernacular architecture in the twenty-first century :btheory, education and practice /cedited by Lindsay Asquith and Marcel Vellinga.3 aVernacular architecture in the 21st century aLondon ;aNew York :bTaylor & Francis,c2006. axviii, 294 p. :bill., plans ;c24 cm. atextbtxt2rdacontent aunmediatedbn2rdamedia avolumebnc2rdacarrier aIncludes bibliographical references (p. 269-287) and index. 0aVernacular architecture.1 aAsquith, Lindsay.1 aVellinga, Marcel.413Table of contentsuhttp://www.loc.gov/catdir/toc/ecip0510/2005009321.html423Publisher descriptionuhttp://www.loc.gov/catdir/enhancements/fy0661/2005009321-d.html423Contributor biographical informationuhttp://www.loc.gov/catdir/enhancements/fy1012/2005009321-b.html